Vogel's qualitative inorganic analysis (Record no. 62930)
[ view plain ]
| 000 -LEADER | |
|---|---|
| fixed length control field | 00513nam a22001937a 4500 |
| 003 - CONTROL NUMBER IDENTIFIER | |
| control field | NUST - PNEC |
| 005 - DATE AND TIME OF LATEST TRANSACTION | |
| control field | 20170116180800.0 |
| 008 - FIXED-LENGTH DATA ELEMENTS--GENERAL INFORMATION | |
| fixed length control field | 150413b xxu||||| |||| 00| 0 eng d |
| 020 ## - INTERNATIONAL STANDARD BOOK NUMBER | |
| International Standard Book Number | 0321043537 |
| 040 ## - CATALOGING SOURCE | |
| Transcribing agency | LIBRARY |
| 082 ## - DEWEY DECIMAL CLASSIFICATION NUMBER | |
| Classification number | 544 SVE |
| 100 ## - MAIN ENTRY--PERSONAL NAME | |
| 9 (RLIN) | 2459 |
| Personal name | Svehla, G. |
| 245 ## - TITLE STATEMENT | |
| Title | Vogel's qualitative inorganic analysis |
| Statement of responsibility, etc. | G. Svehla |
| 250 ## - EDITION STATEMENT | |
| Edition statement | 7th ed. |
| 260 ## - PUBLICATION, DISTRIBUTION, ETC. | |
| Place of publication, distribution, etc. | London |
| Name of publisher, distributor, etc. | Longman |
| Date of publication, distribution, etc. | c1979. |
| 300 ## - PHYSICAL DESCRIPTION | |
| Extent | 347 p. : |
| Dimensions | 23 cm. |
| 650 ## - SUBJECT ADDED ENTRY--TOPICAL TERM | |
| 9 (RLIN) | 2462 |
| Topical term or geographic name entry element | Chemistry, Analytic--Qualitative |
| General subdivision | AS |
| 942 ## - ADDED ENTRY ELEMENTS (KOHA) | |
| Source of classification or shelving scheme | |
| Koha item type | Book |
| Withdrawn status | Lost status | Source of classification or shelving scheme | Damaged status | Not for loan | Permanent Location | Current Location | Shelving location | Date acquired | Source of acquisition | Cost, normal purchase price | Total Checkouts | Full call number | Barcode | Date last seen | Cost, replacement price | Price effective from | Koha item type |
|---|---|---|---|---|---|---|---|---|---|---|---|---|---|---|---|---|---|
| Pakistan Navy Engineering College (PNEC) | Pakistan Navy Engineering College (PNEC) | 04/12/2001 | Vangaurd Books | 587.86 | 544 SVE | PNECLIB-024781 | 04/13/2015 | 587.86 | 04/12/2001 | Book | |||||||
| Pakistan Navy Engineering College (PNEC) | Pakistan Navy Engineering College (PNEC) | 04/12/2001 | Vangaurd Books | 587.86 | 544 SVE | PNECLIB-024782 | 04/13/2015 | 587.86 | 04/12/2001 | Book |
